000 00610nam a22002057 4500
999 _c174349
_d174349
001 10523966
003 ASAB
005 20170124113418.0
008 910322m19479999ii 000 0 eng
010 _altf91033392
040 _aDLC
_cASAB
_dDLC
082 _a352.2
245 0 0 _ageneral financial rules of the federal government
_cHamid Ali Zaka Ali
260 _akarachi
_bthe ideal publishers
300 _a455 P
440 _vvolume I & II
906 _a0
_bcbc
_cpremunv
_du
_encip
_f19
_gy-gencatlg
942 _2ddc
_cBK